Balūcistān kā gorīlā rahnumā Janral Shīrof / (Record no. 331134)

000 -LEADER
fixed length control field 01899cam a2200421 a 4500
001 - CONTROL NUMBER
control field 16334943
003 - CONTROL NUMBER IDENTIFIER
control field NUST
005 - DATE AND TIME OF LATEST TRANSACTION
control field 20170918132240.0
008 - FIXED-LENGTH DATA ELEMENTS--GENERAL INFORMATION
fixed length control field 100715s2010 pk ab 000 0durd
010 ## - LIBRARY OF CONGRESS CONTROL NUMBER
LC control number 2010342074
020 ## - INTERNATIONAL STANDARD BOOK NUMBER
International Standard Book Number 9789695620816
025 ## - OVERSEAS ACQUISITION NUMBER
Overseas acquisition number P-U-2010342074; 30
040 ## - CATALOGING SOURCE
Original cataloging agency DLC
Transcribing agency DLC
042 ## - AUTHENTICATION CODE
Authentication code lcode
043 ## - GEOGRAPHIC AREA CODE
Geographic area code a-pk---
050 00 - LIBRARY OF CONGRESS CALL NUMBER
Classification number DS392.B28
Item number M36 2010
066 ## - CHARACTER SETS PRESENT
Alternate G0 or G1 character set (3
-- (4
082 ## - DEWEY DECIMAL CLASSIFICATION NUMBER
Classification number 923.3555491
Author Mark MAR
100 1# - MAIN ENTRY--PERSONAL NAME
Linkage 880-01
Personal name Marī, Mīr Sher Muḥammad,
Dates associated with a name -1993.
9 (RLIN) 4626
245 10 - TITLE STATEMENT
Linkage 880-02
Title Balūcistān kā gorīlā rahnumā Janral Shīrof /
Statement of responsibility, etc. murattib, Manṣūr Qādir Jūnejo.
246 30 - VARYING FORM OF TITLE
Linkage 880-03
Title proper/short title Janral Shīrof
250 ## - EDITION STATEMENT
Edition statement [New ed.].
260 ## - PUBLICATION, DISTRIBUTION, ETC.
Linkage 880-04
Place of publication, distribution, etc. Lāhaur :
Name of publisher, distributor, etc. Fikshan Hāʼūs,
Date of publication, distribution, etc. 2010.
300 ## - PHYSICAL DESCRIPTION
Extent 142 p. :
Other physical details ill., map;
Dimensions 22 cm.
520 ## - SUMMARY, ETC.
Summary, etc. Collected interviews of Mīr Sher Muḥammad Marī, Baloch Nationalist leader, chiefly on political crisis in Balochistān, Pakistan.
546 ## - LANGUAGE NOTE
Language note In Urdu.
600 10 - SUBJECT ADDED ENTRY--PERSONAL NAME
Linkage 880-05
Personal name Marī, Mīr Sher Muḥammad,
Dates associated with a name -1993
Form subdivision Interviews.
9 (RLIN) 4627
650 #0 - SUBJECT ADDED ENTRY--TOPICAL TERM
Topical term or geographic name entry element Nationalists
Geographic subdivision Pakistan
-- Balochistān
Form subdivision Interviews.
9 (RLIN) 4628
651 #0 - SUBJECT ADDED ENTRY--GEOGRAPHIC NAME
Geographic name Balochistān (Pakistan)
General subdivision Politics and government.
9 (RLIN) 3937
700 1# - ADDED ENTRY--PERSONAL NAME
Linkage 880-06
Personal name Juṇejo, Manṣuru Qādiru.
9 (RLIN) 4629
880 1# - ALTERNATE GRAPHIC REPRESENTATION
Linkage 100-01/(3/r‏
Title ‏مرى، مير شير محمّد،‏
d ‏d.1993.
880 10 - ALTERNATE GRAPHIC REPRESENTATION
Linkage 245-02/(3/r‏
Title ‏بلوچستان کا گوريلا رهنما جنرل شيروف /‏
c ‏مرتّب، منصور قادر جونيجو.
880 30 - ALTERNATE GRAPHIC REPRESENTATION
Linkage 246-03/(3/r‏
Title ‏جنرل شيروف
880 ## - ALTERNATE GRAPHIC REPRESENTATION
Linkage 260-04/(3/r‏
Title ‏لاهور :‏
b ‏فکشن هاؤس،‏
c ‏‪2010‬.
880 1# - ALTERNATE GRAPHIC REPRESENTATION
Linkage 600-05/(3/r
Title ‏مرى، مير شير محمّد،‏
d ‏d.1993
v Interviews.
880 1# - ALTERNATE GRAPHIC REPRESENTATION
Linkage 700-06/(3/r‏
Title ‏جونيجو، منصور قادر.
906 ## - LOCAL DATA ELEMENT F, LDF (RLIN)
a 7
b cbc
c origode
d 3
e ncip
f 20
g y-nonroman
942 ## - ADDED ENTRY ELEMENTS (KOHA)
Source of classification or shelving scheme
Koha item type Book
Holdings
Withdrawn status Lost status Source of classification or shelving scheme Damaged status Not for loan Collection code Permanent Location Current Location Shelving location Date acquired Total Checkouts Full call number Barcode Date last seen Copy number Price effective from Koha item type
            Central Library (CL) Central Library (CL) Book Cart 09/18/2017   923.3555491 MAR CL2735 09/18/2017 1 09/18/2017 Book
© 2023 Central Library, National University of Sciences and Technology. All Rights Reserved.